Statistics for Movies by Bad Plot Description #2

Click here to take the quiz!

General Stats

  • This quiz has been taken 75 times
  • The average score is 6 of 11

Answer Stats

HintAnswer% Correct
A clown guy terrorises some children with red balloonsIt
94%
Two plumbers protect a glowy star after falling into green pipesThe Super Mario Bros Movie
90%
Alien rides on bikes and eats Reese’s cupsET: The Extra-Terrestrial
83%
An abused child becomes a failed comedian and goes crazy, committing mass murderJoker
69%
A bunch of dudes with birth defects have to save a weird girl from a magnetic manX-Men
64%
Green short guy tells a kid to kill his fatherStar Wars Episode V: Empire Strikes Back
50%
Purple bear with rizz tricks toys to face messy childrenToy Story 3
50%
Girl gets bullied and uses telekinesis to kill peopleCarrie
46%
The same healing guy decides to do some stuff snd he dies lolLogan
23%
Healing guy travels to Japan and fights a pretentious guy with a katana on a trainThe Wolverine
21%
Girl gets tricked into marring a hot guy, then gets attacked by dragonsDamsel
13%

Score Distribution

Percentile by Number Answered

Percent of People with Each Score

Your Score History

You have not taken this quiz